Pokémon Sauvages - Kanto LGPE - Statistiques

Statistiques générales
  • Ce quiz a été pris 87 fois
  • Le résultat moyen est 308 sur 345
Statistiques - réponses
Lieux Pokémon % Correct
Rattata
100%
Aspicot
95%
apparition rare Bulbizarre
95%
LGP Caninos
95%
apparition rare Carapuce
95%
Chenipan
95%
Chrysacier
95%
LGE Goupix
95%
(sur l'eau) | Chenal 19 Magicarpe
95%
(pokémon statique) Mewtwo
95%
LGP Mystherbe
95%
Nidoran♀
95%
Nidoran♂
95%
Onix
95%
LGP Ortide
95%
Rattatac
95%
(dans les airs) | Route 1 | Route 11 | +8 others Roucool
95%
apparition rare Salamèche
95%
LGE Smogo
95%
LGE Abo
91%
(pokémon statique) | apparition rare Artikodin
91%
Coconfort
91%
LGE Dardargnan
91%
(pokémon statique) | apparition rare Électhor
91%
Évoli
91%
Gravalanch
91%
apparition rare Leveinard
91%
Machoc
91%
Machopeur
91%
(sur l'eau) Magicarpe
91%
Mélofée
91%
Nidorina
91%
Mont Sélénite Nosferapti
91%
LGP Papilusion
91%
Paras
91%
Piafabec
91%
Pikachu
91%
Poissirène
91%
Racaillou
91%
Rondoudou
91%
(Poké Flûte) | apparition rare Ronflex
91%
Roucoups
91%
LGP Sabelette
91%
LGE Smogogo
91%
(pokémon statique) | apparition rare Sulfura
91%
LGP Tadmorv
91%
Tentacool
91%
Tentacruel
91%
Abra
86%
LGP Arcanin
86%
LGE Chétiflor
86%
Dodrio
86%
Doduo
86%
Draco
86%
apparition rare Dracolosse
86%
Tour Pokémon Fantominus
86%
LGE Feunard
86%
Flagadoss
86%
Galopa
86%
LGP Grotadmorv
86%
Hypotrempe
86%
Kokiyas
86%
Léviator
86%
Magmar
86%
Centrale abandonnée Magnéti
86%
Magnéton
86%
Mélodelfe
86%
LGE Miaouss
86%
Minidraco
86%
Nidoking
86%
Nidoqueen
86%
Nidorino
86%
Nosferalto
86%
Otaria
86%
Poissoroy
86%
Route 17 Ponyta
86%
Ptitard
86%
Ramoloss
86%
Rhinocorne
86%
Soporifik
86%
Spectrum
86%
Grotte Taupiqueur Taupiqueur
86%
Têtarte
86%
Aéromite
82%
LGE Boustiflor
82%
Canarticho
82%
Électrode
82%
Élektek
82%
LGP Férosinge
82%
Hypocéan
82%
LGP Insécateur
82%
Kadabra
82%
Krabboss
82%
Krabby
82%
Lamantine
82%
apparition rare Lokhlass
82%
Métamorph
82%
Mimitoss
82%
Noadkoko
82%
Noeunoeuf
82%
LGP Rafflesia
82%
Roucarnage
82%
Stari
82%
Tartard
82%
Tauros
82%
Triopikeur
82%
Voltorbe
82%
Akwakwak
77%
Crustabri
77%
LGE Empiflor
77%
Kicklee
77%
Lippoutou
77%
Osselait
77%
apparition rare Porygon
77%
Psykokwak
77%
Rapasdepic
77%
Rhinoféros
77%
LGE Scarabrute
77%
Staross
77%
Tygnon
77%
Kangourex
73%
M.Mime
73%
Saquedeneu
73%
Excelangue
68%
apparition rare Dracaufeu
50%
Aucun quiz correspondant
Distribution des résultats
% des personnes avec chaque résultat
Percentile par nombre de réponses
Votre historique - résultats
Vous n’avez pas pris ce quiz